000 00412nam a2200181Ia 4500
001 13823
005 20260306164829.0
008 260306t2007||||xx |||||||||||||| ||spa||
041 _aESP
082 _a005.369
_bB76
100 _aBott, Ed
_eAUT
245 0 _aLa biblia de Office 2007
260 _c2007
300 _a976 páginas :
_c25 cm.
650 _aGEN
654 _aCCC
942 _cLIB
_dJUS
_fJUS
_2ddc
_n
999 _c13823
_d13823